Research pathways : Writing professional papers, theses, and dissertations in workforce education

Bibliographic Details
Main Author: Farmer, Edgar I.
Other Authors: Rojewski, Jay W.
Format: Book
Published: Maryland : University Press of America , 2001
Subjects:

MARC

LEADER 00000cam a2200000 7i4500
001 0000012708
005 20050428.0
020 |a 0761820590 
040 |a INS 
090 0 0 |a HD5715   |b R457 2001 
100 1 |a Farmer, Edgar I. 
245 1 0 |a Research pathways :   |b Writing professional papers, theses, and dissertations in workforce education   |c Edgar I. Farmer, Jay W. Rojewski 
260 |a Maryland :   |b University Press of America ,   |c 2001 
300 |a xiv :   |b 406p ;   |c 23cm. 
650 0 0 |a Dissertations   |x Academic 
650 0 0 |a Employees   |x Training of   |y Research   |z Methodology 
650 0 0 |a Occupational training   |x Research   |y Methodology 
650 0 0 |a Report writing 
700 1 |a Rojewski, Jay W. 
999 |a 0000013900   |b BOOK   |c Open Shelf   |e Default branch 
999 |a 0000013901   |b BOOK   |c Open Shelf   |e Default branch 
999 |a 0000013902   |b BOOK   |c Open Shelf   |e Default branch